[Event "White Nights Open 2006"]
[Site "St. Petersburg RUS"]
[Date "2006.06.25"]
[Round "3.14"]
[White "Toporov, Victor"]
[Black "Kurilov, Viktor"]
[Result "0-1"]
[WhiteElo "2112"]
[BlackElo "2329"]
[PlyCount "90"]
[EventDate "2006.06.22"]
[EventType "swiss"]
[EventRounds "9"]
[EventCountry "RUS"]
[Source "lmi"]
[SourceDate "2006.06.29"]

1. e4 e5 2. Nf3 Nf6 3. Nxe5 d6 4. Nf3 Nxe4 5. Nc3 Nf6 6. d4 Be7 7. Bd3 Bg4 8.
h3 Bh5 9. Bf4 O-O 10. Qd2 Nc6 11. g4 Bg6 12. O-O-O d5 13. Bxg6 hxg6 14. Ne5 Ne4
15. Nxe4 dxe4 16. Qe3 Qd5 17. Kb1 Nxe5 18. dxe5 Qc6 19. Rhe1 Bc5 20. Qxe4 Qxe4
21. Rxe4 Bxf2 22. Re2 Bb6 23. Rd7 Rfd8 24. Red2 Rxd7 25. Rxd7 Re8 26. c4 g5 27.
Bg3 a5 28. Kc2 Re6 29. Rd5 Rc6 30. Kd3 Kf8 31. b3 Rh6 32. Ke4 Rxh3 33. Rd3 Ke7
34. a3 Ke6 35. b4 axb4 36. axb4 Bg1 37. b5 b6 38. Rf3 Bh2 39. Bxh2 Rxh2 40. Rf5
Rg2 41. Rxg5 g6 42. Kd4 Re2 43. c5 Rc2 44. cxb6 cxb6 45. Kd3 Rc5 0-1

[Event "White Nights Open 2006"]
[Site "St. Petersburg RUS"]
[Date "2006.06.25"]
[Round "3.15"]
[White "Andreev, Konstantin"]
[Black "Orlov, Oleg"]
[Result "1-0"]
[WhiteElo "2322"]
[BlackElo "2134"]
[PlyCount "45"]
[EventDate "2006.06.22"]
[EventType "swiss"]
[EventRounds "9"]
[EventCountry "RUS"]
[Source "lmi"]
[SourceDate "2006.06.29"]

1. d4 d5 2. c4 c6 3. Nc3 Nf6 4. Nf3 e6 5. Bg5 Nbd7 6. e3 Be7 7. Bd3 dxc4 8.
Bxc4 b5 9. Bb3 a6 10. O-O Bb7 11. Qe2 c5 12. Rfd1 c4 13. Bc2 Nd5 14. Bxe7 Qxe7
15. e4 Nxc3 16. bxc3 e5 17. a4 O-O 18. Rab1 exd4 19. Nxd4 Ne5 20. axb5 axb5 21.
Rxb5 Ra2 22. Nf5 Qc7 23. Nd6 1-0

[Event "White Nights Open 2006"]
[Site "St. Petersburg RUS"]
[Date "2006.06.25"]
[Round "3.18"]
[White "Bystryakova, Elena V"]
[Black "Kazakevich, Grigoriy"]
[Result "0-1"]
[WhiteElo "2191"]
[BlackElo "2113"]
[PlyCount "152"]
[EventDate "2006.06.22"]
[EventType "swiss"]
[EventRounds "9"]
[EventCountry "RUS"]
[Source "lmi"]
[SourceDate "2006.06.29"]

1. d4 Nf6 2. Nf3 d6 3. c4 g6 4. Nc3 Bg7 5. e4 Nbd7 6. Be2 e5 7. O-O O-O 8. Re1
Re8 9. d5 Nc5 10. Qc2 a5 11. b3 Nh5 12. h3 Nf4 13. Rb1 f5 14. Bxf4 exf4 15. Nd2
Bxc3 16. Qxc3 fxe4 17. Bg4 Bxg4 18. hxg4 Qh4 19. Qd4 Re5 20. a3 Rae8 21. b4
axb4 22. axb4 e3 23. fxe3 Rxe3 24. Rxe3 fxe3 25. bxc5 Qf2+ 26. Kh2 Qxd2 27. Qf4
Qc3 28. cxd6 cxd6 29. Rxb7 Qe5 30. Qxe5 Rxe5 31. Rb1 Re4 32. Re1 Rxc4 33. Rxe3
Rd4 34. Re7 Rxd5 35. Rd7 h6 36. Kg3 Rd3+ 37. Kf4 Rd4+ 38. Kf3 d5 39. Kg3 g5 40.
Rd6 Kg7 41. Rd7+ Kf6 42. Rh7 Rd3+ 43. Kf2 Ke5 44. g3 Rd2+ 45. Ke3 Rh2 46. Re7+
Kd6 47. Rh7 Rh1 48. Kd4 Rd1+ 49. Ke3 Re1+ 50. Kd2 Re4 51. Rxh6+ Ke5 52. Ra6
Rxg4 53. Ra3 Re4 54. Rf3 Ra4 55. Rf8 Rg4 56. Rf3 d4 57. Kd3 Re4 58. Kd2 Kd5 59.
Rf8 Re3 60. Rf5+ Re5 61. Rf3 Ke4 62. Ke2 Ra5 63. Rb3 Ra2+ 64. Ke1 g4 65. Rb8
Ke3 66. Re8+ Kf3 67. Rd8 Ra4 68. Kd2 Kxg3 69. Ke2 Kg2 70. Ke1 g3 71. Ke2 Ra7
72. Rxd4 Re7+ 73. Kd2 Kf2 74. Rf4+ Kg1 75. Rf8 g2 76. Rg8 Rh7 0-1

[Event "White Nights Open 2006"]
[Site "St. Petersburg RUS"]
[Date "2006.06.25"]
[Round "3.19"]
[White "Nester, Ihor"]
[Black "Romanov, Vasily"]
[Result "1-0"]
[WhiteElo "2417"]
[BlackElo "1952"]
[PlyCount "73"]
[EventDate "2006.06.22"]
[EventType "swiss"]
[EventRounds "9"]
[EventCountry "RUS"]
[Source "lmi"]
[SourceDate "2006.06.29"]

1. Nf3 d5 2. d4 Nf6 3. c4 c6 4. Nc3 a6 5. a4 e6 6. Qd3 Bb4 7. Bd2 O-O 8. g3
Nbd7 9. Bg2 a5 10. O-O b6 11. cxd5 exd5 12. Rfe1 Re8 13. Qc2 Bb7 14. Nh4 g6 15.
Rad1 Nf8 16. Nf3 N8d7 17. Bg5 Qb8 18. Nd2 Bxc3 19. bxc3 Qd6 20. Bf4 Qe6 21. Rb1
Ne4 22. Nxe4 dxe4 23. c4 Ba6 24. Rbc1 Rac8 25. Red1 Nf6 26. Qa2 Red8 27. Bg5
Kg7 28. Qb2 Bxc4 29. Bxf6+ Kxf6 30. d5+ Qe5 31. Qxe5+ Kxe5 32. Rxc4 cxd5 33.
Rcd4 f5 34. f3 e3 35. f4+ Kf6 36. Bxd5 Rc5 37. Bc4 1-0

[Event "White Nights Open 2006"]
[Site "St. Petersburg RUS"]
[Date "2006.06.25"]
[Round "3.20"]
[White "Gugnin, Rostislav"]
[Black "Pirogov, Vyatcheslav"]
[Result "0-1"]
[WhiteElo "2088"]
[BlackElo "2390"]
[PlyCount "88"]
[EventDate "2006.06.22"]
[EventType "swiss"]
[EventRounds "9"]
[EventCountry "RUS"]
[Source "lmi"]
[SourceDate "2006.06.29"]

1. e4 e6 2. f4 d5 3. e5 c5 4. Nf3 Nc6 5. Bb5 Qb6 6. Nc3 Bd7 7. O-O Nge7 8. d3
h5 9. a4 Nf5 10. a5 Nxa5 11. Bxd7+ Kxd7 12. Kh1 Be7 13. Qe1 Nc6 14. b3 g6 15.
Ba3 Nb4 16. Qd2 Ke8 17. Na4 Qa5 18. c3 Na6 19. Rfb1 h4 20. h3 Qc7 21. d4 Kf8
22. Qd3 Kg7 23. Qb5 Ng3+ 24. Kh2 Ne4 25. Re1 Qc6 26. Qd3 Ng3 27. Nb2 b5 28. Nd1
b4 29. Bb2 c4 30. Qc2 bxc3 31. Bxc3 Nb4 32. Qd2 Nd3 33. Rg1 Rh5 34. Ng5 Bxg5
35. fxg5 Ne4 36. Qe3 Rxg5 37. Bd2 Rh8 38. Rxa7 Rg3 39. Qe2 Qb6 40. Rd7 Qxd4 41.
Rf1 Rf8 42. Be3 Qxe5 43. Kg1 Nec5 44. Ra7 d4 0-1

[Event "White Nights Open 2006"]
[Site "St. Petersburg RUS"]
[Date "2006.06.25"]
[Round "3.21"]
[White "Silivanov, Sergej"]
[Black "Gnidenko, Andrey"]
[Result "1-0"]
[WhiteElo "2355"]
[BlackElo "2095"]
[PlyCount "55"]
[EventDate "2006.06.22"]
[EventType "swiss"]
[EventRounds "9"]
[EventCountry "RUS"]
[Source "lmi"]
[SourceDate "2006.06.29"]

1. e4 Nf6 2. Nc3 d5 3. e5 Ne4 4. Nce2 d4 5. c3 Nc6 6. Nxd4 Nxd4 7. Qa4+ Nc6 8.
Qxe4 g6 9. d4 Bg7 10. Bc4 Na5 11. Bd3 O-O 12. Nf3 c5 13. O-O cxd4 14. Nxd4 Qc7
15. Bf4 Qb6 16. b4 Nc6 17. Nxc6 bxc6 18. Bc4 a5 19. Be3 Qc7 20. f4 Bf5 21. Qf3
axb4 22. cxb4 Ra3 23. Bb3 Rfa8 24. Rac1 Bd3 25. Rxc6 Qb7 26. Rfc1 R3a6 27.
Bxf7+ Kf8 28. Bd5 1-0

[Event "White Nights Open 2006"]
[Site "St. Petersburg RUS"]
[Date "2006.06.25"]
[Round "3.22"]
[White "Bogdanov, Andrei"]
[Black "Fedoseev, Sergey"]
[Result "0-1"]
[WhiteElo "2089"]
[BlackElo "2316"]
[PlyCount "64"]
[EventDate "2006.06.22"]
[EventType "swiss"]
[EventRounds "9"]
[EventCountry "RUS"]
[Source "lmi"]
[SourceDate "2006.06.29"]

1. e4 c6 2. Nc3 d5 3. Nf3 Bg4 4. h3 Bxf3 5. Qxf3 e6 6. exd5 cxd5 7. Bb5+ Nc6 8.
Ne2 Nf6 9. c3 Qb6 10. Ba4 Bd6 11. d4 O-O 12. O-O e5 13. Bxc6 bxc6 14. Qd3 c5
15. Be3 cxd4 16. cxd4 e4 17. Qd2 Rab8 18. Rfb1 Rfc8 19. Qd1 h6 20. Bd2 Rc6 21.
Bc3 Rbc8 22. Qd2 Bb8 23. Qe3 Nh5 24. g3 Rf6 25. Be1 Rf3 26. Qd2 Qe6 27. Rc1 Re8
28. Kg2 e3 29. Qd3 Qf6 30. Rc6 Rxf2+ 31. Kg1 Rf1+ 32. Kh2 Qf3 0-1

[Event "White Nights Open 2006"]
[Site "St. Petersburg RUS"]
[Date "2006.06.25"]
[Round "3.23"]
[White "Orlov, Nikolay I"]
[Black "Golovenchits, Boris"]
[Result "1-0"]
[WhiteElo "2279"]
[BlackElo "2064"]
[PlyCount "143"]
[EventDate "2006.06.22"]
[EventType "swiss"]
[EventRounds "9"]
[EventCountry "RUS"]
[Source "lmi"]
[SourceDate "2006.06.29"]

1. c4 e6 2. d4 Nf6 3. Nf3 b6 4. g3 Bb4+ 5. Bd2 Be7 6. Bg2 Bb7 7. O-O O-O 8. Be3
d6 9. Nc3 Ne4 10. Nxe4 Bxe4 11. d5 e5 12. Qd2 a5 13. b3 h6 14. a3 f5 15. Ne1
Bxg2 16. Kxg2 Nd7 17. Qc2 Qc8 18. f4 e4 19. Ra2 Qb7 20. a4 Bf6 21. Qb1 Rae8 22.
Nc2 Kh7 23. Bd4 c5 24. dxc6 Qxc6 25. Bxf6 Nxf6 26. Ne3 Qc5 27. Qc1 Rc8 28. Qd2
g6 29. Rd1 Rcd8 30. Qd4 Qb4 31. Rb2 Qa3 32. Qc3 Rf7 33. Rbd2 h5 34. Nd5 Nd7 35.
Ra1 Qc5 36. Rad1 Qa3 37. Ra1 Qc5 38. Qd4 Qxd4 39. Rxd4 Nc5 40. Rb1 Rb7 41. Kf2
Kg7 42. Rdd1 Kf7 43. Rg1 Re8 44. Ke3 Rh8 45. Kd2 Na6 46. h3 Ke6 47. g4 hxg4 48.
hxg4 Kf7 49. gxf5 gxf5 50. Rg5 Ke6 51. Rbg1 Nb4 52. Rg6+ Kd7 53. Rg7+ Kc6 54.
Ne7+ Kc5 55. Nxf5 Rxg7 56. Rxg7 Na6 57. Ra7 Rf8 58. Nxd6 e3+ 59. Kxe3 Nb8 60.
Ne4+ Kb4 61. Rb7 Kxb3 62. c5 Kxa4 63. Rxb6 Nd7 64. Rb7 Nb8 65. f5 Re8 66. f6
Na6 67. f7 Rf8 68. c6 Nb4 69. c7 Nc6 70. Nc5+ Ka3 71. Ne6 Rxf7 72. c8=Q 1-0

[Event "White Nights Open 2006"]
[Site "St. Petersburg RUS"]
[Date "2006.06.25"]
[Round "3.24"]
[White "Nikologorsky, Matfei"]
[Black "Serov, Maksim"]
[Result "0-1"]
[WhiteElo "2075"]
[BlackElo "2263"]
[PlyCount "70"]
[EventDate "2006.06.22"]
[EventType "swiss"]
[EventRounds "9"]
[EventCountry "RUS"]
[Source "lmi"]
[SourceDate "2006.06.29"]

1. c4 Nf6 2. Nc3 c5 3. g3 e6 4. e4 d5 5. e5 Nfd7 6. f4 dxc4 7. Bxc4 a6 8. a4
Nc6 9. Nf3 Be7 10. O-O Nb6 11. Be2 O-O 12. b3 Nd4 13. Bb2 Nxe2+ 14. Qxe2 Nd5
15. Ne4 b6 16. d4 a5 17. Rfd1 Ba6 18. Qf2 c4 19. bxc4 Bxc4 20. Nfd2 Ba6 21. Nc3
Nxc3 22. Bxc3 Rc8 23. Qe3 Qd5 24. Nf3 Rc4 25. Bd2 Bb7 26. Rf1 Rxd4 27. Qxd4 Bc5
28. Be3 Bxd4 29. Bxd4 b5 30. axb5 Qxb5 31. Rab1 Qd5 32. Rf2 h5 33. Kg2 Rd8 34.
Bb6 Rd7 35. Ra1 Qb3 0-1

[Event "White Nights Open 2006"]
[Site "St. Petersburg RUS"]
[Date "2006.06.25"]
[Round "3.25"]
[White "Nikitinyh, Boris"]
[Black "Marinin, Viktor"]
[Result "1-0"]
[WhiteElo "2247"]
[BlackElo "2053"]
[PlyCount "127"]
[EventDate "2006.06.22"]
[EventType "swiss"]
[EventRounds "9"]
[EventCountry "RUS"]
[Source "lmi"]
[SourceDate "2006.06.29"]

1. e4 e5 2. Nf3 Nc6 3. Bb5 a6 4. Ba4 Nf6 5. O-O Nxe4 6. d4 b5 7. Nxe5 Nxe5 8.
dxe5 Nc5 9. Bb3 Nxb3 10. axb3 Bb7 11. Nc3 Bc5 12. Qg4 Qe7 13. Ne4 Bxe4 14. Qxe4
O-O 15. Bf4 Rfe8 16. Rfd1 d6 17. Qc6 dxe5 18. Rd7 Qf8 19. Be3 Bd6 20. b4 Red8
21. c3 Rxd7 22. Qxd7 f5 23. f3 h6 24. Qc6 Qc8 25. Bc5 Qd8 26. Bxd6 cxd6 27. Rd1
Ra7 28. Rxd6 Qg5 29. h4 Qxh4 30. Qc8+ Kh7 31. Qxf5+ Kh8 32. Qxe5 Re7 33. Rxh6+
Qxh6 34. Qxe7 Qc1+ 35. Kh2 Qxb2 36. Qe5 Qd2 37. f4 Qf2 38. f5 Kh7 39. Kh3 Qf1
40. Kg3 Qd3+ 41. Kh4 Qd8+ 42. Kh3 Qd3+ 43. Kh2 Qd8 44. Qd4 Qg5 45. g4 Qh4+ 46.
Kg2 Qe1 47. Kf3 Qh1+ 48. Kf4 Qh6+ 49. Ke5 Qf6+ 50. Kd5 Qd8+ 51. Kc6 Qc8+ 52.
Kb6 Kh6 53. Qd6+ Kg5 54. Qg6+ Kf4 55. Qxg7 Qb8+ 56. Kxa6 Qd6+ 57. Ka5 Qd8+ 58.
Kxb5 Qb8+ 59. Kc4 Qa8 60. Qd4+ Kg5 61. b5 Qa2+ 62. Kb4 Qb2+ 63. Kc5 Qa3+ 64.
Kb6 1-0

[Event "White Nights Open 2006"]
[Site "St. Petersburg RUS"]
[Date "2006.06.25"]
[Round "3.26"]
[White "Matrosov, Vladimir"]
[Black "Vunder, Yakov"]
[Result "1/2-1/2"]
[WhiteElo "2082"]
[BlackElo "2244"]
[PlyCount "185"]
[EventDate "2006.06.22"]
[EventType "swiss"]
[EventRounds "9"]
[EventCountry "RUS"]
[Source "lmi"]
[SourceDate "2006.06.29"]

1. f4 c5 2. Nf3 Nc6 3. e3 Nf6 4. b3 g6 5. Bb2 Bg7 6. Be2 O-O 7. O-O d6 8. d3 e5
9. Nfd2 Nd5 10. Nc4 exf4 11. Bxg7 Kxg7 12. exf4 Qf6 13. Nba3 Nd4 14. Bf3 Nc3
15. Qd2 Nxf3+ 16. gxf3 b5 17. Nxd6 Bh3 18. Rfe1 b4 19. Nac4 Qd4+ 20. Qe3 Ne2+
21. Kf2 Qxe3+ 22. Kxe3 Nd4 23. Rac1 a5 24. Kf2 a4 25. Re5 axb3 26. axb3 Ra2 27.
Ne3 Nxb3 28. Rb1 Nd4 29. Rxc5 b3 30. Kg3 Be6 31. cxb3 Ne2+ 32. Kh4 Nxf4 33. Rc2
Ra6 34. Ne4 Nxd3 35. b4 Rb8 36. b5 Rab6 37. Nc3 Rc8 38. Na4 Rd6 39. b6 Rd4+ 40.
Kg3 Rxa4 41. Rxc8 Bxc8 42. b7 Bxb7 43. Rxb7 h5 44. h4 Ra3 45. Nc2 Ra2 46. Rc7
Rb2 47. Rc3 Nc1 48. Rc7 Ne2+ 49. Kh3 Rb3 50. Kg2 Rc3 51. Rxc3 Nxc3 52. Kg3 Kf6
53. Nd4 Nd5 54. Nc6 Ne7 55. Nd8 Nf5+ 56. Kh3 Nd6 57. Kg3 Ke5 58. Nc6+ Kd5 59.
Nb4+ Kd4 60. Nc6+ Kd5 61. Nb4+ Kc5 62. Na6+ Kd4 63. Kf4 f6 64. Nb8 Kd5 65. Nd7
Ke6 66. Nc5+ Ke7 67. Kg3 Nf5+ 68. Kh3 Kd6 69. Ne4+ Ke5 70. Nc5 Kd6 71. Ne4+ Ke7
72. Nc5 Nd6 73. Kg3 g5 74. hxg5 fxg5 75. Kh3 Kf6 76. Nd7+ Kf5 77. Nc5 Nf7 78.
Kg2 Ne5 79. Kf2 Ng6 80. Ne4 Nf4 81. Nd6+ Ke5 82. Ne4 Kf5 83. Nd6+ Kg6 84. Kg3
Ne6 85. Kf2 Kf6 86. Ne4+ Kf5 87. Ng3+ Kg6 88. Ne4 h4 89. Kg2 Kf5 90. Nc3 Ke5
91. Kf2 Kd4 92. Ne4 g4 93. Ng3 1/2-1/2

[Event "White Nights Open 2006"]
[Site "St. Petersburg RUS"]
[Date "2006.06.25"]
[Round "3.27"]
[White "Karalkin, Maksim"]
[Black "Glazov, Anatoly"]
[Result "1-0"]
[WhiteElo "2228"]
[BlackElo "2004"]
[PlyCount "109"]
[EventDate "2006.06.22"]
[EventType "swiss"]
[EventRounds "9"]
[EventCountry "RUS"]
[Source "lmi"]
[SourceDate "2006.06.29"]

1. e4 c5 2. c3 Nc6 3. d4 d5 4. exd5 Qxd5 5. Nf3 e5 6. dxe5 Qxd1+ 7. Kxd1 Bg4 8.
Bf4 Nge7 9. Bg3 Ng6 10. Be2 Bxf3 11. Bxf3 Ngxe5 12. Be2 Be7 13. Kc2 O-O 14. Nd2
f5 15. f3 a6 16. Rhe1 f4 17. Bf2 b5 18. Nb3 c4 19. Nd4 Nxd4+ 20. Bxd4 Nc6 21.
Bf2 Rad8 22. Bf1 Rd7 23. Rad1 Rfd8 24. Rxd7 Rxd7 25. b3 cxb3+ 26. axb3 Kf7 27.
Bd3 Bf6 28. Bc5 Ne5 29. Bf5 Rc7 30. b4 g6 31. Bh3 g5 32. Bf5 h5 33. h3 a5 34.
Re4 Rc6 35. h4 Nc4 36. Bd7 Ne3+ 37. Kd3 Rc7 38. Bxb5 Nxg2 39. hxg5 Bxg5 40.
Be8+ Kg7 41. Bxh5 Bf6 42. Bd4 axb4 43. cxb4 Rb7 44. Kc4 Rc7+ 45. Bc5 Ne3+ 46.
Kb3 Bg5 47. Be8 Nf1 48. Re2 Bf6 49. Rg2+ Kh7 50. Bg6+ Kh8 51. Be4 Ng3 52. Rh2+
Kg7 53. Rh7+ Kg8 54. Rxc7 Nxe4 55. fxe4 1-0

[Event "White Nights Open 2006"]
[Site "St. Petersburg RUS"]
[Date "2006.06.25"]
[Round "3.28"]
[White "Utkin, Vladimir"]
[Black "Barhudarian, Rafael"]
[Result "0-1"]
[WhiteElo "2075"]
[BlackElo "2216"]
[PlyCount "96"]
[EventDate "2006.06.22"]
[EventType "swiss"]
[EventRounds "9"]
[EventCountry "RUS"]
[Source "lmi"]
[SourceDate "2006.06.29"]

1. d4 Nf6 2. c4 d6 3. Nf3 Nbd7 4. Nc3 e5 5. e4 g6 6. dxe5 dxe5 7. Bg5 Bg7 8.
Be2 O-O 9. Qd2 c6 10. O-O Qc7 11. b4 Re8 12. Rfd1 a5 13. a3 Nf8 14. c5 axb4 15.
axb4 Rxa1 16. Rxa1 Rd8 17. Qa2 Bg4 18. Qa5 Qxa5 19. Rxa5 Bxf3 20. gxf3 Ne6 21.
Be3 Nh5 22. Ra7 Nhf4 23. Bc4 Ng5 24. Rxb7 Nxf3+ 25. Kh1 Ra8 26. Bxf4 exf4 27.
Ne2 Ra1+ 28. Kg2 Ne5 29. Bxf7+ Nxf7 30. Rb8+ Bf8 31. Nxf4 Ne5 32. Ne6 Nd7 33.
Rd8 Kf7 34. Rxd7+ Kxe6 35. Rxh7 Be7 36. Rh8 Rb1 37. Re8 Kd7 38. Rg8 g5 39. Rg6
Rxb4 40. e5 Re4 41. f4 Rxf4 42. e6+ Ke8 43. Rg8+ Rf8 44. Rg6 Rf5 45. Rg8+ Bf8
46. Kg3 Rxc5 47. h4 gxh4+ 48. Kxh4 Re5 0-1

[Event "White Nights Open 2006"]
[Site "St. Petersburg RUS"]
[Date "2006.06.25"]
[Round "3.29"]
[White "Maznov, Sergey"]
[Black "Borisova, Elizaveta"]
[Result "1-0"]
[WhiteElo "2064"]
[BlackElo "2214"]
[PlyCount "63"]
[EventDate "2006.06.22"]
[EventType "swiss"]
[EventRounds "9"]
[EventCountry "RUS"]
[Source "lmi"]
[SourceDate "2006.06.29"]

1. d4 Nf6 2. e3 c5 3. f4 b6 4. Nf3 g6 5. Bd3 Bb7 6. O-O Bg7 7. c3 O-O 8. Nbd2
Nd5 9. Nc4 Qc7 10. Nce5 cxd4 11. cxd4 d6 12. Ng4 Nb4 13. Be2 Bd5 14. Bd2 a5 15.
a3 N4a6 16. b4 axb4 17. axb4 Qb7 18. b5 Nc7 19. Rxa8 Qxa8 20. Qc2 Ne6 21. Nf2
Nd7 22. Rc1 Nf6 23. f5 gxf5 24. Qxf5 Ne4 25. Bd3 Nf6 26. e4 Bb7 27. e5 Nxd4 28.
Nxd4 dxe5 29. Nc6 Bxc6 30. bxc6 Qa2 31. Ng4 Rd8 32. c7 1-0

[Event "White Nights Open 2006"]
[Site "St. Petersburg RUS"]
[Date "2006.06.25"]
[Round "3.30"]
[White "Chernov, Vladimir E"]
[Black "Yankovsky, Roman"]
[Result "1/2-1/2"]
[WhiteElo "2030"]
[BlackElo "2199"]
[PlyCount "113"]
[EventDate "2006.06.22"]
[EventType "swiss"]
[EventRounds "9"]
[EventCountry "RUS"]
[Source "lmi"]
[SourceDate "2006.06.29"]

1. c4 c5 2. Nf3 Nf6 3. d4 e6 4. Nc3 cxd4 5. Nxd4 Nc6 6. e4 Bb4 7. Nxc6 bxc6 8.
Bd3 e5 9. O-O O-O 10. Be3 d6 11. Na4 d5 12. cxd5 cxd5 13. Qb3 d4 14. Bg5 Be7
15. Rfc1 Be6 16. Qd1 Rb8 17. b3 Bg4 18. f3 Bh5 19. Rc2 h6 20. Bd2 Bg6 21. Qe2
Nh5 22. g4 Nf4 23. Bxf4 exf4 24. Nc5 h5 25. h3 Re8 26. Qd2 Bd6 27. Rac1 Qg5 28.
Qf2 Rbc8 29. b4 Rb8 30. a3 Rec8 31. Qe1 Re8 32. Qf2 Rec8 33. h4 Qe7 34. g5 Rd8
35. Na6 Rb6 36. Nc7 Be5 37. Qd2 Rbb8 38. Nd5 Qe6 39. Rc6 Qh3 40. Ne7+ Kh7 41.
Qf2 Qd7 42. Nxg6 fxg6 43. Kg2 Qe7 44. Qc2 a6 45. Qc5 Bd6 46. Qa5 Ra8 47. Rxa6
Qb7 48. Rxa8 Rxa8 49. Qd5 Qxd5 50. exd5 Rxa3 51. Rc6 Rxd3 52. Rxd6 Rb3 53. Rb6
d3 54. Kf2 d2 55. Ke2 Rd3 56. Kd1 Rxd5 57. Rb8 1/2-1/2

[Event "White Nights Open 2006"]
[Site "St. Petersburg RUS"]
[Date "2006.06.25"]
[Round "3.31"]
[White "Efremova, Daria"]
[Black "Nikolaev, Vadim"]
[Result "0-1"]
[WhiteElo "2018"]
[BlackElo "2186"]
[PlyCount "76"]
[EventDate "2006.06.22"]
[EventType "swiss"]
[EventRounds "9"]
[EventCountry "RUS"]
[Source "lmi"]
[SourceDate "2006.06.29"]

1. d4 d5 2. Nf3 Nf6 3. Bg5 e6 4. e3 Be7 5. Bd3 Nbd7 6. Nbd2 Nh5 7. h4 h6 8. Bf4
Nxf4 9. exf4 c5 10. c3 Qb6 11. Qc2 Nf6 12. Ne5 Bd6 13. Ndf3 Qc7 14. dxc5 Qxc5
15. Bg6 Rf8 16. Bd3 Bd7 17. g4 O-O-O 18. O-O-O Kb8 19. Kb1 Bc6 20. g5 Nd7 21.
Rhe1 hxg5 22. hxg5 Nxe5 23. fxe5 Be7 24. g6 fxg6 25. Nd4 Bd7 26. Bxg6 Qb6 27.
Rg1 Rf4 28. f3 Rh8 29. Bh7 g5 30. Qg6 Rh4 31. Bg8 Rh2 32. Nb3 Qd8 33. Bf7 Qf8
34. Bxe6 R2h6 35. Qxh6 Rxh6 36. Bxd7 Qxf3 37. e6 Rh2 38. Rge1 Qf5+ 0-1

[Event "White Nights Open 2006"]
[Site "St. Petersburg RUS"]
[Date "2006.06.25"]
[Round "3.32"]
[White "Tukan, Ekaterina"]
[Black "Reshetov, Valery"]
[Result "0-1"]
[WhiteElo "1974"]
[BlackElo "2164"]
[PlyCount "40"]
[EventDate "2006.06.22"]
[EventType "swiss"]
[EventRounds "9"]
[EventCountry "RUS"]
[Source "lmi"]
[SourceDate "2006.06.29"]

1. e4 e5 2. Nf3 f5 3. Bc4 Nc6 4. d4 fxe4 5. Nxe5 Nxe5 6. dxe5 Qe7 7. Bf4 Qb4+
8. Nd2 Ne7 9. O-O b5 10. Bb3 Bb7 11. Qe2 Nd5 12. Bg3 e3 13. fxe3 O-O-O 14. e4
Nb6 15. c3 Qc5+ 16. Kh1 h5 17. Bf2 Qxe5 18. Bd4 Qg5 19. Nf3 Qg4 20. Ne5 Qxe2
0-1

[Event "White Nights Open 2006"]
[Site "St. Petersburg RUS"]
[Date "2006.06.25"]
[Round "3.34"]
[White "Krasnov, Vasiliy G"]
[Black "Korchagina, Viktoria"]
[Result "0-1"]
[WhiteElo "2141"]
[BlackElo "1998"]
[PlyCount "118"]
[EventDate "2006.06.22"]
[EventType "swiss"]
[EventRounds "9"]
[EventCountry "RUS"]
[Source "lmi"]
[SourceDate "2006.06.29"]

1. d4 d5 2. Nf3 Nf6 3. Bf4 c5 4. e3 Qb6 5. b3 Bg4 6. Be2 Nc6 7. c3 g6 8. h3 Bf5
9. O-O Bg7 10. Nbd2 Rc8 11. a4 cxd4 12. exd4 h6 13. b4 a6 14. Qb3 O-O 15. g4
Be4 16. a5 Qd8 17. Ne5 g5 18. Bg3 Bh7 19. Nd3 Bxd3 20. Bxd3 Ne8 21. Rae1 e6 22.
Bb1 Nd6 23. Qc2 f5 24. Rxe6 Nxd4 25. Rxd6 Nxc2 26. Rxd8 Rfxd8 27. Bxc2 f4 28.
Bh2 Bxc3 29. Nf3 Bxb4 30. Bd3 Rc3 31. Rd1 Bxa5 32. h4 gxh4 33. Nxh4 Bc7 34. Ng6
f3 35. Nh4 Rf8 36. Nf5 Bxh2+ 37. Kxh2 h5 38. Nh6+ Kg7 39. g5 b5 40. Kg3 b4 41.
Bxa6 b3 42. Rxd5 b2 43. Rb5 Rc1 44. Rb7+ Kg6 45. Bd3+ Kxg5 46. Nf7+ Kf6 47. Nh6
h4+ 48. Kf4 Ke6+ 49. Nf5 h3 50. Rb6+ Kd5 51. Be4+ Kc5 52. Rxb2 h2 53. Bxf3 Rc4+
54. Ke5 Re8+ 55. Kf6 Rf4 56. Rc2+ Kb4 57. Bb7 Rf8+ 58. Kg5 R8xf5+ 59. Kg6 Rxf2
0-1

[Event "White Nights Open 2006"]
[Site "St. Petersburg RUS"]
[Date "2006.06.25"]
[Round "3.35"]
[White "Nikologorskiy, Konstantin"]
[Black "Mukhlisov, Vladislav"]
[Result "1/2-1/2"]
[WhiteElo "1946"]
[BlackElo "2140"]
[PlyCount "64"]
[EventDate "2006.06.22"]
[EventType "swiss"]
[EventRounds "9"]
[EventCountry "RUS"]
[Source "lmi"]
[SourceDate "2006.06.29"]

1. c4 e5 2. Nc3 Nf6 3. g3 c6 4. Nf3 e4 5. Nd4 d5 6. cxd5 Qb6 7. e3 cxd5 8. d3
exd3 9. Qxd3 Nc6 10. Bg2 Nxd4 11. exd4 Be6 12. O-O Be7 13. f4 g6 14. h3 h5 15.
Be3 O-O 16. Rf2 Bf5 17. Qe2 Qe6 18. Kh2 Rfe8 19. Re1 Bf8 20. Qb5 Qc6 21. Qb3
Rad8 22. Bd2 Rxe1 23. Bxe1 Bg7 24. Re2 Ne4 25. Nxd5 Rxd5 26. Rxe4 Rb5 27. Re2
Rxb3 28. Bxc6 Rb6 29. Bd5 Bxd4 30. b3 Be6 31. Bxe6 Rxe6 32. Rxe6 fxe6 1/2-1/2

[Event "White Nights Open 2006"]
[Site "St. Petersburg RUS"]
[Date "2006.06.25"]
[Round "3.36"]
[White "Ezov, Roman"]
[Black "Filatov, Viacheslav"]
[Result "1-0"]
[WhiteElo "2133"]
[BlackElo "1929"]
[PlyCount "53"]
[EventDate "2006.06.22"]
[EventType "swiss"]
[EventRounds "9"]
[EventCountry "RUS"]
[Source "lmi"]
[SourceDate "2006.06.29"]

1. e4 c5 2. Nf3 Nc6 3. Bb5 g6 4. Bxc6 dxc6 5. d3 Bg4 6. Be3 Bg7 7. Nc3 Qd6 8.
h3 Bxf3 9. Qxf3 Nf6 10. O-O O-O 11. Qe2 e5 12. f4 exf4 13. Bxf4 Qe6 14. Rae1
Nh5 15. Bh2 Bd4+ 16. Kh1 Be5 17. Qf3 Qd6 18. Bxe5 Qxe5 19. Re3 Rae8 20. g4 Ng7
21. Qf6 Qd4 22. Ref3 Qb4 23. a3 Qxb2 24. Nd5 Qe5 25. Qxe5 Rxe5 26. Nf6+ Kh8 27.
Nd7 1-0

[Event "White Nights Open 2006"]
[Site "St. Petersburg RUS"]
[Date "2006.06.25"]
[Round "3.37"]
[White "Kuzmin, Yuriy"]
[Black "Smirnov, Vladimir G"]
[Result "1-0"]
[WhiteElo "2114"]
[BlackElo "1766"]
[PlyCount "73"]
[EventDate "2006.06.22"]
[EventType "swiss"]
[EventRounds "9"]
[EventCountry "RUS"]
[Source "lmi"]
[SourceDate "2006.06.29"]

1. Nf3 Nf6 2. c4 e6 3. d4 b6 4. g3 Bb7 5. Bg2 d5 6. O-O Be7 7. Nc3 O-O 8. Bg5
h6 9. Bf4 Re8 10. Ne5 c6 11. e4 Na6 12. Ng4 Nxg4 13. Qxg4 Bg5 14. Bxg5 hxg5 15.
cxd5 exd5 16. exd5 cxd5 17. Rae1 Rxe1 18. Rxe1 Nc7 19. Re5 f6 20. Re1 Qd6 21.
Qf5 Rd8 22. Bf1 Qd7 23. Qf3 Re8 24. Rxe8+ Qxe8 25. Bd3 Qf7 26. Qg4 Kf8 27. h4
gxh4 28. gxh4 Qe6 29. Qg3 Qe7 30. Bf5 Ba6 31. h5 Qf7 32. Bg6 Qe7 33. Nxd5 Qe1+
34. Kh2 Bb7 35. Qd6+ Kg8 36. Ne7+ Kf8 37. Qd8+ 1-0

[Event "White Nights Open 2006"]
[Site "St. Petersburg RUS"]
[Date "2006.06.25"]
[Round "3.38"]
[White "Kosov, Igor"]
[Black "Nikolaev, Yury"]
[Result "0-1"]
[WhiteElo "1684"]
[BlackElo "2110"]
[PlyCount "42"]
[EventDate "2006.06.22"]
[EventType "swiss"]
[EventRounds "9"]
[EventCountry "RUS"]
[Source "lmi"]
[SourceDate "2006.06.29"]

1. d4 Nf6 2. c4 e6 3. Nf3 d5 4. Bg5 h6 5. Bh4 dxc4 6. Qa4+ Nc6 7. Qxc4 g5 8.
Bg3 Ne4 9. e3 h5 10. Nc3 Nxc3 11. bxc3 h4 12. Ne5 hxg3 13. Nxc6 bxc6 14. Qxc6+
Bd7 15. Qf3 Rb8 16. Qxg3 Ba3 17. c4 Bb2 18. Rd1 Bc3+ 19. Ke2 Ba4 20. Rd3 Rb2+
21. Kf3 Qf6+ 0-1